000 00600nam a2200205 a 4500
005 20221021063444.0
008 010620s1988 es r 000 0 spa d
020 _a8477540187
035 _aUPN01000108723
049 _aCG
050 4 _aJC571
_bP3.4
100 1 _aPeces-Barba Martínez, Gregorio,
_d1938-
245 1 0 _aEscritos sobre derechos fundamentales /
_cGregorio Peces-Barba.
260 _aMadrid :
_bEudema,
_c1988.
300 _a278 p.
440 0 _aEUDEMA Universidad.
_pTextos de apoyo
650 4 _aDERECHOS HUMANOS -
_zESPAÑA
_915131
650 2 _aTolerancia
_91399
905 _aLibro
999 _c82634
_d82634